Catalog

Record Details

Catalog Search



Heidentum, Christentum und Judentum : ein Bekenntnisbuch 2. Band Cover Image Book Book

Heidentum, Christentum und Judentum : ein Bekenntnisbuch Max Brod 2. Band

Brod, Max (Author).

Record details

  • Physical Description: 361 s.
  • Publisher: München Kurt Wolff Verlag 1922

Available copies

  • 1 of 1 copy available at Common Catalog SPOK.

Holds

  • 0 current holds with 1 total copy.
Show Only Available Copies
Location Call Number / Copy Notes Barcode Shelving Location Status Due Date
ETS Library 200.1 424470009258 Volný výběr Available -

LDR 00648nam a2 00229
00134789
003CZ-PrJAB
00520040313000000.0
008010330s1922 xr e |||| |ger
009ge
035 . ‡a(CONS)3531
035 . ‡aKPS8458
040 . ‡aABG450
041 . ‡ager
08214. ‡a200.1
100 . ‡72781 ‡aBrod, Max
245 . ‡aHeidentum, Christentum und Judentum : ‡bein Bekenntnisbuch ‡cMax Brod ‡n2. Band
260 . ‡aMünchen ‡bKurt Wolff Verlag ‡c1922
300 . ‡a361 s.
653 . ‡aHeidentum, Christentum und Judentum ‡aein Bekenntnisbuch
8524 . ‡bETS ‡bETS ‡cVolný výběr ‡j200.1 ‡gA ‡p424470009258
910 . ‡aABG450
999 . ‡a3531 ‡bAUTOGEN ‡c3531 ‡tbiblio
905 . ‡uadmin
901 . ‡a34789 ‡b ‡c34789 ‡tbiblio ‡sets

Additional Resources